Belgian History A-Z - Statistics

General Stats
  • This quiz has been taken 15 times
  • The average score is 10 of 25
Answer Stats
Hint Answer % Correct
A This King fought in the trenches during WW1 Albert I
100%
C Belgium's largest colony where rubber was harvested Congo
92%
F _____ was the biggest supporter of Belgian Independence (Country) France
85%
J 42% of Belgium's _____ were killed in the Holocaust Jews
85%
N Country which Belgium broke away from Netherlands
85%
U Belgium's Independence was guaranteed by the _____ Kingdom United
77%
W Battlefield where Napoleon fought his final battle Waterloo
77%
K In 1950, a unit of Belgian volunteers from the UN were sent to the _____ War Korean
69%
D During both world wars, many Belgians were _____ to Germany Deported
54%
P The Congo was not owned by Belgium, but _____ of Leopold II Property
54%
Y Baudouin was the _____ king at the start of his reign Youngest
46%
H Royal family that ruled Belgium from 1556-1794 Habsburg
38%
L In 1839, the Treaty of _____ formally recognized Belgium as a nation London
31%
O This type of performance sparked the Belgian Revolution Opera
23%
Q The Royal _____ caused the resignation of Leopold III Question
23%
R The "School War" was a political crisis regarding _____ in schools Religion
23%
T The _____ Days' Campaign sought to put Belgium under Dutch rule again Ten
23%
S Belgium was invaded in 1914 as part of the _____ Plan Schlieffen
15%
B Belgium's first revolution in 1789 Brabant Revolution
8%
G Belgium briefly owned a colony in this modern day country Guatemala
8%
E Neanderthal fossils were discovered at the city of _____ Engis
0%
I The _____ Front acted as resistance against Nazi occupation Independent
0%
M The Empress of _____ (1863-1867) was Belgian royalty Mexico
0%
V A wave of _____ came over collaborators of the Germans after both world wars Violence
0%
Z Many Belgians served in the Papal _____. An expeditionary force from the pope Zouaves
0%
No matching quizzes found
Score Distribution
Percent of People with Each Score
Percentile by Number Answered
Your Score History
You have not taken this quiz